Welcome to CU Library Online Public Access Catalogue (OPAC)

Dosage calculations made incredibly easy! (Record no. 4849)

MARC details
000 -LEADER
fixed length control field 00752cam a22002294a 4500
001 - CONTROL NUMBER
control field 12354828
005 - DATE AND TIME OF LATEST TRANSACTION
control field 20250314203349.0
008 - FIXED-LENGTH DATA ELEMENTS--GENERAL INFORMATION
fixed length control field 010322s2002 paua 001 0 eng
020 ## - INTERNATIONAL STANDARD BOOK NUMBER
International Standard Book Number 1582551340 (pbk. : alk. paper)
050 00 - LIBRARY OF CONGRESS CALL NUMBER
Classification number RS57
Item number .D67 2002
082 00 - DEWEY DECIMAL CLASSIFICATION NUMBER
Classification number 615/.14
Edition information 21
245 00 - TITLE STATEMENT
Title Dosage calculations made incredibly easy!
250 ## - EDITION STATEMENT
Edition statement 2nd ed.
260 ## - PUBLICATION, DISTRIBUTION, ETC.
Place of publication, distribution, etc. Springhouse, Pa. :
Name of publisher, distributor, etc. Springhouse,
Date of publication, distribution, etc. c2002.
300 ## - PHYSICAL DESCRIPTION
Extent vi, 309 p. :
Other physical details ill. (some col.) ;
Dimensions 24 cm.
500 ## - GENERAL NOTE
General note Includes index.
650 #0 - SUBJECT ADDED ENTRY--TOPICAL TERM
Topical term or geographic name entry element Pharmaceutical arithmetic.
650 12 - SUBJECT ADDED ENTRY--TOPICAL TERM
Topical term or geographic name entry element Pharmaceutical Preparations
General subdivision administration & dosage
Form subdivision Nurses' Instruction.
650 22 - SUBJECT ADDED ENTRY--TOPICAL TERM
Topical term or geographic name entry element Mathematics
Form subdivision Nurses' Instruction.
710 2# - ADDED ENTRY--CORPORATE NAME
Corporate name or jurisdiction name as entry element Springhouse Corporation.
942 ## - ADDED ENTRY ELEMENTS (KOHA)
Source of classification or shelving scheme Library of Congress Classification
Koha item type Books
Edition 2nd ed.
Suppress in OPAC No
999 ## -
-- 4849
-- 4849
Holdings
Withdrawn status Lost status Source of classification or shelving scheme Damaged status Not for loan Collection Home library Current library Shelving location Date acquired Total checkouts Full call number Barcode Date last seen Copy number Price effective from Koha item type
    Library of Congress Classification     Non-fiction Science Library (Miotso) Science Library (Miotso) General stacks 03/14/2025   RS57 .D67 DOS SLM00004292 03/14/2025 1 03/14/2025 Books
© 2023-2024 Copyright: Central University Libraries. All Rights Reserved | Created by: Mahone Tech Office